Caricamento...

Automotive mechanics : Principles and practices,2nd ed.

Dettagli Bibliografici
Autore principale: Heitner, Joseph
Altri autori: Anglin, Donald L.
Natura: Printed Book
Lingua:English
Edizione:2nd ed
Soggetti:
LEADER 00636nam a2200181 a 4500
005 20151028162218.0
008 960221s1955 dcuabcdjdbkoqu001 0deng d
003 ViArRB
082 |a 629.25 
100 |a Heitner, Joseph  |9 23949 
245 |a  Automotive mechanics  |b : Principles and practices,2nd ed. 
250 |a 2nd ed 
653 |a Automobiles - Maintenance-Examination  |a Questions etc.  |a Automobiles- maintenance and reparir  |a Automobiles  
700 |a Anglin, Donald L.  |9 23948 
942 |c BK  |6 _ 
942 |c BK 
999 |c 77454  |d 77454 
952 |0 0  |1 0  |4 0  |6 62925_K7  |7 0  |9 90400  |a SOS   |b SOS  |d 0000-00-00  |o 629.25 K7  |p IF000475  |r 2013-06-14  |w 2009-07-13  |y BK